000 00492nam a22001457a 4500
999 _c4980
_d4980
008 200918b ||||| |||| 00| 0 eng d
041 0 _aeng
082 0 0 _a954.08
_bI3911
110 _91726
_aMinistry of information and Broad Casting, India.
245 1 0 _aThe Collected Works of Mahatma Gandhi, Vol - XIII /
_cby Ministry of information and Broad Casting
260 _aDelhi :
_bMinistry of information and Broad Casting,
_c1964.
300 _axxiii, 646 p.
650 0 _aBiography
942 _cBK